| 000 | 00000nam 2200000zi 4500 |
| 001 | 9.912949 |
| 003 | CaOODSP |
| 005 | 20240105151706 |
| 006 | m o d f |
| 007 | cr cn||||||||| |
| 008 | 220630s2022 onc o f000 0 fre d |
| 020 | |a9780660443416 |
| 040 | |aCaOODSP|bfre|erda|cCaOODSP |
| 043 | |an-cn--- |
| 086 | 1 |aMQ21-54/8-2022F-PDF |
| 245 | 00|aFaire une demande d’Autorisation de voyage d’urgence Canada-Ukraine. |
| 264 | 1|a[Ottawa] : |bImmigration, réfugiés et citoyenneté Canada = Immigration, Refugees and Citizenship Canada, |c[2022] |
| 300 | |a1 ressource en ligne (2 pages non numérotées) |
| 336 | |atexte|btxt|2rdacontent/fre |
| 337 | |ainformatique|bc|2rdamedia/fre |
| 338 | |aressource en ligne|bcr|2rdacarrier/fre |
| 500 | |aPublié aussi en anglais sous le titre : Applying for the Canada-Ukraine authorization for emergency travel. |
| 500 | |aEn tête du titre : #Bienvenue Ukrainiens (Canada.ca/mesures-immigration-Ukraine). |
| 650 | 6|aUkrainiens|xServices|zCanada. |
| 650 | 6|aVisas|zCanada. |
| 651 | 6|aCanada|xÉmigration et immigration. |
| 710 | 1 |aCanada. |bImmigration, réfugiés et citoyenneté Canada, |eorganisme de publication. |
| 775 | 08|tApplying for the Canada-Ukraine authorization for emergency travel.|w(CaOODSP)9.912950 |
| 856 | 40|qPDF|s557 Ko|uhttps://publications.gc.ca/collections/collection_2024/ircc/MQ21-54-8-2022-fra.pdf |